| 000 | 00592cam a22001691 4500 | ||
|---|---|---|---|
| 082 |
_a621.57 _bWOS _cL-8, P-3 |
||
| 100 | 1 |
_aWostrel, John Frank. _941875 |
|
| 245 | 1 | 0 |
_aHousehold electric refrigeration, _bincluding gas absorption system, _cby John F. Wostrel and John G. Praetz. |
| 250 | _a2d ed. | ||
| 260 |
_aNew York, _bMcGraw-Hill Book Co., _c1948. |
||
| 300 |
_ax, 458 p. _billus. _c24 cm. |
||
| 526 |
_a0 _b0 _c0 _d621_570000000000000_WOS |
||
| 650 | 0 |
_aMCE _9379 |
|
| 650 | 0 |
_aRefrigeration and refrigerating machinery. _919031 |
|
| 700 | 1 |
_aPraetz, John George, _941876 |
|
| 942 |
_2ddc _cBK |
||
| 999 |
_c545892 _d545892 |
||